تحميل...
EXIM Management /
| المؤلف الرئيسي: | |
|---|---|
| التنسيق: | Printed Book |
| اللغة: | English |
| منشور في: |
Chennai :
MJP Publishres,
2011.
|
| LEADER | 00490nam a22001457a 4500 | ||
|---|---|---|---|
| 008 | 170428b xxu||||| |||| 00| 0 eng d | ||
| 999 | |c 163507 |d 163507 | ||
| 020 | |a 9788180940910 | ||
| 082 | |a 382.6 | ||
| 100 | |a Soundaian, S. | ||
| 245 | |a EXIM Management / |c S. Soundaian | ||
| 260 | |b MJP Publishres, |c 2011. |a Chennai : | ||
| 300 | |a xxxvi, 586 p. | ||
| 942 | |c BK | ||
| 952 | |0 0 |1 0 |4 0 |6 382_600000000000000_SOU_E |7 0 |9 179651 |a CMS |b CMS |c ST1 |d 2017-04-28 |i 12103 |l 0 |o 382.6 SOU/E |p CMS12103 |r 2017-04-28 |w 2017-04-28 |y BK | ||